Statistics for Countries that Beat India

Click here to take the quiz!

General Stats

  • This quiz has been taken 17,275 times
  • The average score is 10 of 18

Answer Stats

RankCategoryCountries% Correct
2Highest populationChina
100%
4Highest maximum elevationNepal, China, Pakistan
94%
3Highest Muslim populationIndonesia, Pakistan
93%
2Cricket World Cup winsAustralia
75%
3Most populous capital city (by urban area population)Japan, Indonesia
67%
10Highest all-time hottest temperatureKuwait, United States, Iran, ...
66%
3Most sheepChina, Australia
65%
5Most wild elephantsBotswana, Zimbabwe, ...
61%
7Foreign aid received (2016)Syria, Ethiopia, Afghanistan, ...
60%
2Most sugarcane productionBrazil
46%
15Receiving the fewest international tourists per capitaBangladesh, Turkmenistan, D.R. Congo, ...
42%
2Most murders annuallyBrazil
40%
3Most deaths due to malariaNigeria, D.R. Congo
39%
4Number of languages spokenPapua New Guinea, Indonesia, Nigeria
35%
8Highest % of land that is farmedComoros, Tuvalu, Bangladesh, ...
32%
4Lowest obesity rateVietnam, Bangladesh, East Timor
25%
9Highest ratio of men to women (2016)Vatican City, Qatar, United Arab Emirates, ...
18%
3Number of threatened mammal speciesIndonesia, Madagascar
17%

Score Distribution

Percentile by Number Answered

Percent of People with Each Score

Your Score History

You have not taken this quiz